| 000 | 01236nam a2200253 a 4500 | ||
|---|---|---|---|
| 001 | 74693 | ||
| 003 | BD-RjUL | ||
| 005 | 20211209082605.0 | ||
| 008 | 181120s2018 bg ||||| b || 00| 0 ben d | ||
| 020 | _a9789842101489 | ||
| 035 | _a(BD-RjUL)74911 | ||
| 040 |
_aBD-RjUL _bben _cBD-RjUL _dBD-RjUL |
||
| 041 | _aben | ||
| 082 |
_221 _a181.07092 _bHOK 2018 |
||
| 100 |
_aহোসেন, মো. একরাম _974802 |
||
| 245 |
_aখানবাহাদুর আহ্ছানউল্লাহর অধ্যাত্মবাদ ও মানবকল্যাণে অবদান / _cমো. একরাম হোসেন |
||
| 260 |
_aঢাকা : _bগ্রন্থ কুটির, _c২০১৮ |
||
| 300 |
_a৩০৩ পাতা ; _c২২ সেসি. |
||
| 504 | _aগ্রন্থপঞ্জি আছে। | ||
| 600 |
_aআহ্ছানউল্লাহ _cখানবাহাদুর _d১৮৭৩-১৯৬৫ _xজীবনী _zবাংলাদেশ _9225099 |
||
| 650 |
_aইসলামিক দার্শনিক _vজীবনী _zবাংলাদেশ _9108571 |
||
| 650 |
_a শিক্ষাবিদ _vজীবনী _zবাংলাদেশ _9108602 |
||
| 942 |
_2ddc _cBK |
||
| 999 |
_c74693 _d74693 |
||